000 00492nam a2200193Ia 4500
001 43155
008 140425s9999 xx 000 0 und d
020 _aNA
040 _cPK-LaUMT
082 _aRHC 297.07
_bISL-
100 _aAkhtar Hijazi
245 _aIslami nazriya adab (Urdu)
_cAkhtar Hijazi<>Asad Gilani
260 _aLahore,Pakistan:
_bIdara-e-Tarjmanul Quran,
_c1988
300 _a211 p.
546 _aUR
650 _aIslamic education
700 _aAsad Gilani
942 _cBK
999 _c41165
_d41165